|
|
|
|
| LEADER |
00000nam a2200000 a 4500 |
| 001 |
vtls001464839 |
| 003 |
SK-MaSNL |
| 005 |
20260301121713.0 |
| 008 |
240801s2003 xo gf 0 slo |
| 015 |
|
|
|a SNBK2004/02-00645
|
| 020 |
|
|
|a 8080475687
|
| 035 |
|
|
|a SNK000420144
|
| 040 |
|
|
|a SNK
|b slo
|c SNK
|e AACR2
|
| 041 |
0 |
|
|a slo
|
| 044 |
|
|
|a xo
|c SK
|
| 072 |
|
7 |
|a 821.162.4-3
|x Slovenská próza
|2 konspekt
|
| 072 |
|
7 |
|a 821-93
|2 konspekt
|
| 080 |
|
|
|a 821.162.4-34
|2 1981
|
| 080 |
|
|
|a 82-93
|2 1981
|
| 080 |
|
|
|a (0:003.24)
|2 1981
|
| 080 |
|
|
|a 821.162.4-93(02.056.262)
|2 1997
|
| 080 |
|
|
|a 821.162.4-3(0.053.2)(02.056.262)
|2 1997
|
| 100 |
1 |
|
|a Fábry, Ján,
|d 1950-
|4 aut
|9 393987
|
| 245 |
1 |
0 |
|a Nezbedníček
|h Braillovo písmo
|c Ján Fábry
|
| 250 |
|
|
|a [1. vyd.]
|
| 260 |
|
|
|a Levoča
|b SKN [Slovenská knižnica pre nevidiacich Mateja Hrebendu]
|c 2003
|
| 300 |
|
|
|a ([52] s.) v Braillovom písme
|c 27x29 cm
|
| 500 |
|
|
|a 5 výt.
|
| 650 |
0 |
7 |
|a rozprávky autorské slovenské
|x tlače slepecké
|2 SNK
|9 298588
|
| 650 |
0 |
7 |
|a literatúra pre deti a mládež
|2 konspekt
|9 21893
|
| 655 |
|
7 |
|a umelecká literatúra
|2 SNK
|9 60405
|
| 655 |
|
7 |
|a slovenské rozprávky
|2 SNK
|9 70528
|
| 655 |
|
7 |
|a publikácie pre deti
|2 SNK
|9 70148
|
| 655 |
|
7 |
|a publikácie pre nevidiacich
|2 SNK
|9 70695
|
| 852 |
|
|
|a Slovenská národná knižnica
|
| 919 |
|
|
|a 80-8047-568-7
|
| 954 |
|
|
|a beletria pôvodná (slovenská)
|2 lita
|
| 958 |
|
|
|a KST
|
| 958 |
|
|
|a SX
|
| 958 |
|
|
|a LX
|
| 999 |
|
|
|c 730355
|d 732285
|
| 952 |
|
|
|t P60, <03>, [BOOK], {603}
|a SNK
|b SNK
|y PREZ
|7 0
|p 17A0406000
|o snkOSB 13884
|i snkKSP 15978/2003
|0 0
|1 0
|4 0
|d 2003-12-18
|l 0
|r 2005-01-02 00:00:00
|w 2026-02-23
|